| 000 | 00769nmc a2200289 a 4500 | ||
|---|---|---|---|
| 003 | AR-BaBNM | ||
| 005 | 20251128203504.0 | ||
| 008 | 267019s1945 ||||||||||||||000 | spa|| | ||
| 040 | _cAR-BaBNM | ||
| 100 | 1 | _aCapdevila, Arturo | |
| 245 | 1 | 0 | _aEl Popol Vuh, o, La biblia de los mayas |
| 246 | 1 | _aLa biblia de los mayas | |
| 260 |
_aBuenos Aires _bEmecé _c1945 |
||
| 300 | 0 | _a114 p. | |
| 490 | 0 |
_aBuen aire. Leyenda y folklore _vv. 73 |
|
| 650 | 4 | _aRELIGION | |
| 650 | 4 | _aLITERATURA | |
| 650 | 4 | _aANTROPOLOGIA CULTURAL Y SOCIAL | |
| 650 | 4 | _aCOSTUMBRES Y TRADICIONES | |
| 650 | 4 | _aHISTORIA LITERARIA | |
| 650 | 4 | _aABORIGENES | |
| 650 | 4 | _aPOBLACIONES ABORIGENES | |
| 651 | 4 | _aMéxico | |
| 651 | 4 | _aAmérica del Sur | |
| 942 | _cBK | ||
| 998 | _cCarmen | ||
| 999 |
_c3617 _d3617 |
||